Представление документа в формате MARC21

ПолеНазваниеЗначение
  Тип записи a
  Библиографический уровень m
001 Контрольный номер BIBLIOCLUB\0000730904
005 Дата корректировки 20260430154911.2
006 m o d
007 Элементы данных для физической характеристики c|||||||||||||
008 Кодируемые данные s2026 rus o rus d
020 Индекс ISBN __
a ISBN 978-5-394-06392-3
041 Код языка издания 0_
a Код языка текста rus
084 Индекс другой классификации/Индекс ББК __
a Индекс другой классификации/Индекс ББК 65.01я73
b Номер единицы LBC/PL
2 Источник индекса rubbk
100 Автор 1_
a Автор Николаева И. П.
245 Заглавие 10
a Заглавие Экономическая теория
b Продолж. заглавия учебник
c Ответственность И. П. Николаева
250 Сведения об издании __
a Основные сведения об издании 8-е изд.
260 Выходные данные __
a Место издания Москва
b Издательство Дашков и К°
c Дата издания 2026
300 Физическое описание __
a Объем 330 с.
b Иллюстрации/ тип воспроизводства ил., табл., граф.
490 Серия 1_
a Заглавие серии Учебные издания для бакалавров
504 Библиография __
a Библиография Библиогр. в кн
653 Ключевые слова 1_
a Ключевые слова Учебник для высшей школы
830 Заголовок добавочной библ.записи на серию - унифицированное заглавие _0
a Унифицированное заглавие Учебные издания для бакалавров
856 Электронный адрес документа 40
3 Область применения данных поля Университетская библиотека ONLINE
u URL https://biblioclub.ru/index.php?page=book&id=730904
900 Электронные ресурсы __
a Имя электронного ресурса https://img.biblioclub.ru/sm_cover/534e868f3ace33895b15ffcf33ecdd1bkg2y8vt3h8/cover.jpg